000 00590nam a2200241 a 4500
999 _c6009
_d6009
001 6009
003 BD-JhCC
005 20220817134023.0
008 171231s2010 enk |||| ||a| 000 0 eng d
020 _a9780757544572
020 _a9780751544572
035 _a(BD-JhCC) 6009
040 _aBD-JhCC
_dBD-JhCC
041 _aeng
082 _a813.54
_bSPA 2010
100 _aJohn, Dear
245 _aNicholas Sparks /
_cJohn, Dear
260 _aLondon :
_bsphere ,
_c2010
300 _a353 p .:
_c17 cm .
650 _aRomance Fiction, Soldiers
942 _2ddc
_cBK
_030